[Event "Campeonato de Aragón por Equipos 2008 "]
[Site "Aragón"]
[Date "2008.03.08"]
[Round "6.13"]
[White "Garza Marco Sergio"]
[Black "Lorenzini Martin"]
[Result "0-1"]
[WhiteElo "2373"]
[BlackElo "2448"]

1.d4 d5 2.c4 e6 3.Nf3 Nf6 4.g3 c6 5.Bg2 Nbd7 6.O-O Bd6 7.Nc3 O-O 8.Qd3 dxc4 9.
Qxc4 e5 10.Be3 Re8 11.Rad1 exd4 12.Qxd4 Bf8 13.Qh4 Qa5 14.Bd4 Bc5 15.Bxc5 Qxc5
16.Ng5 Qb6 17.Rd2 Nf8 18.Rfd1 Ng4 19.e3 h6 20.Nge4 Ng6 21.Qh5 Re5 22.Rd8+ Kh7
23.Rxc8 Rxh5 24.Rxa8 Rxh2 25.b3 Qa5 26.Rdd8 Qh5 27.Bf3 Rxf2 0-1

[Event "Campeonato de Aragón por Equipos 2008 "]
[Site "Aragón"]
[Date "2008.03.08"]
[Round "6.14"]
[White "Martinez Asensio Juan"]
[Black "Lamas Mercadal Manuel"]
[Result "1/2-1/2"]
[WhiteElo "2171"]
[BlackElo "2246"]

1.d4 Nf6 2.c4 e5 3.dxe5 Ng4 4.Nf3 Bc5 5.e3 Nc6 6.Be2 O-O 7.O-O Ncxe5 8.Nc3 Re8
9.Ne4 Bf8 10.c5 Nxf3+ 11.Bxf3 Nf6 12.Qc2 Nxe4 13.Bxe4 Qh4 14.f4 c6 15.Bd2 Bxc5
16.Bxh7+ Qxh7 17.Qxc5 d5 18.Rf3 Bf5 19.Bc3 Re6 20.Rg3 Rg6 21.Rxg6 Qxg6 22.Rf1
Be4 23.Rf2 b6 24.Qe7 Qe6 25.Qxe6 fxe6 26.g4 Kf7 27.h4 c5 28.h5 b5 29.g5 b4 30.
g6+ Kg8 31.Be5 c4 32.Rh2 c3 33.bxc3 bxc3 34.Bxc3 Rc8 35.Bd4 a6 36.h6 Rc1+ 37.
Kf2 Rc2+ 38.Kg3 Rxh2 39.Kxh2 gxh6 40.g7 Kf7 1/2-1/2

[Event "Campeonato de Aragón por Equipos 2008 "]
[Site "Aragón"]
[Date "2008.03.08"]
[Round "6.15"]
[White "Llanes Luno Ricardo"]
[Black "Dominguez Bujeda Jesus"]
[Result "1/2-1/2"]
[WhiteElo "2233"]
[BlackElo "2095"]

1.e4 c5 2.Nf3 Nc6 3.d4 cxd4 4.Nxd4 g6 5.c4 Nf6 6.Nc3 Nxd4 7.Qxd4 d6 8.Bg5 Bg7
9.Qd2 O-O 10.Be2 Qa5 11.O-O Be6 12.Rfd1 Rfc8 13.Bxf6 Bxf6 14.Nd5 Qxd2 15.Rxd2
Bxd5 16.exd5 a5 17.a4 Rc5 18.Ra3 Kf8 19.Rb3 Rb8 20.g4 h6 21.Kg2 Be5 22.Bd3 Ke8
23.Re2 Kd7 24.Re3 Rcc8 25.f4 Bxf4 26.Rf3 g5 27.Rh3 Rh8 28.Be4 Kc7 29.Rh5 Be5
30.Kf2 Ra8 31.Ke2 Ra6 32.h4 gxh4 33.Rxh4 Rb6 34.Rxb6 Kxb6 35.b3 Kc5 36.Kd3 Kb4
37.Kc2 Bf6 38.Rh2 Bg5 39.Bf5 Bf4 40.Rh1 Rg8 41.Re1 Be5 42.Rh1 Bf4 43.Re1 Bg5
44.Rh1 Rf8 45.Re1 b6 46.Rf1 Bf6 47.Rh1 Rh8 48.Rh2 Be5 49.Rh1 Bf4 50.Rh3 Kc5
51.Kd3 Re8 52.Rf3 Bg5 53.Bd7 Rd8 54.Bf5 Rh8 55.Bd7 Bf6 56.Rh3 Rd8 1/2-1/2

[Event "Campeonato de Aragón por Equipos 2008 "]
[Site "Aragón"]
[Date "2008.03.08"]
[Round "6.16"]
[White "Gomez Calomarde Saul"]
[Black "Roche Simon Miguel Angel"]
[Result "1-0"]
[WhiteElo "1932"]
[BlackElo "2087"]

1.d4 Nf6 2.c4 e6 3.Nc3 c5 4.d5 d6 5.e4 g6 6.Bd3 Bg7 7.Nge2 O-O 8.O-O exd5 9.
cxd5 a6 10.a4 Nbd7 11.f4 b6 12.h3 h5 13.Be3 Rb8 14.Bf2 Qc7 15.Bc4 Re8 16.Qd3
Ra8 17.Bg3 Rf8 18.e5 Ne8 19.e6 Ndf6 20.Qe3 fxe6 21.dxe6 Qe7 22.f5 Bb7 23.Bh4
d5 24.Nf4 Bh6 25.Bxd5 Bxd5 26.Ncxd5 Nxd5 27.Bxe7 Nxe3 28.Bxf8 Bxf4 29.Rxf4
Kxf8 30.e7+ Kg7 31.fxg6 Nd5 32.Rf5 Nef6 33.Re5 Re8 34.Rd1 Nb4 35.Re6 Nfd5 36.
Rf1 Kg8 37.Rf7 c4 38.h4 b5 39.axb5 axb5 40.g4 Nc7 41.Ref6 Nbd5 42.Rf8+ Kg7 43.
R8f7+ Kg8 44.Rc6 b4 45.gxh5 c3 46.bxc3 b3 47.h6 b2 48.h7+ Kh8 49.Rf8+ Kg7 50.
h8=Q# 1-0

[Event "Campeonato de Aragón por Equipos 2008 "]
[Site "Aragón"]
[Date "2008.03.08"]
[Round "6.17"]
[White "Portero Garnica Miguel Angel"]
[Black "Gimeno Oteo Marco Antonio"]
[Result "0-1"]
[WhiteElo "2181"]
[BlackElo "2162"]

1.e4 e5 2.Nf3 f5 3.d4 fxe4 4.Nxe5 Nf6 5.Be2 Be7 6.c4 O-O 7.Nc3 d6 8.Ng4 Nc6 9.
Be3 Bf5 10.h3 Bg6 11.a3 Kh8 12.Qd2 Na5 13.Rd1 b6 14.b4 Nb7 15.b5 Qd7 16.Nxf6
Bxf6 17.Bg4 Qf7 18.Nd5 Na5 19.Qb4 h5 20.Nxf6 Nxc4 21.O-O gxf6 22.Be6 Qxe6 23.
d5 Qd7 24.Qxc4 Bf5 25.Kh2 Rf7 26.Qe2 Rg8 27.Bd4 Rg6 28.f3 Rfg7 29.Rg1 exf3 30.
gxf3 Bxh3 31.Rxg6 Rxg6 32.Rg1 Kh7 33.Rxg6 Kxg6 34.Kg3 Bf5 35.Kh4 Kf7 36.f4 Bg6
37.Kg3 Qg4+ 38.Qxg4 hxg4 39.Kxg4 Be4 40.a4 Bxd5 41.Kf5 Be6+ 42.Ke4 Bb3 43.a5
Bc4 44.axb6 axb6 45.f5 d5+ 0-1

[Event "Campeonato de Aragón por Equipos 2008 "]
[Site "Aragón"]
[Date "2008.03.08"]
[Round "6.18"]
[White "Gutierrez Minguenza Ruben"]
[Black "Fabre Perez Jose Maria"]
[Result "1/2-1/2"]
[WhiteElo "2092"]
[BlackElo "2081"]

1.d4 e6 2.c4 Nf6 3.Nf3 c5 4.d5 exd5 5.cxd5 d6 6.Nc3 g6 7.h3 Bg7 8.e4 O-O 9.Bd3
b5 10.Nxb5 Re8 11.O-O Nxe4 12.Qa4 Bd7 13.Qb3 Qb6 14.Bf4 Na6 15.Nc3 Nxc3 16.
bxc3 Nc7 17.Rab1 Qxb3 18.Rxb3 Nxd5 19.Bxd6 Nxc3 20.Bxc5 Ne2+ 21.Bxe2 Rxe2 22.
Rb7 Bc6 23.Rxa7 Rxa7 24.Bxa7 Rxa2 25.Be3 Bxf3 26.gxf3 f5 27.Rb1 Ra1 28.Rxa1
Bxa1 29.Bc5 Kf7 30.Kf1 Kf6 31.Be3 Ke5 32.Bb6 Kf4 33.Kg2 Bf6 34.Bc7+ Be5 35.Bb6
Bf6 36.Bc7+ Kg5 37.Bd6 Kh4 38.Bg3+ Kh5 39.Bd6 g5 40.Bc7 g4 41.fxg4+ 1/2-1/2

[Event "Campeonato de Aragón por Equipos 2008 "]
[Site "Aragón"]
[Date "2008.03.08"]
[Round "6.19"]
[White "Gaspar Calvo Luis Alberto"]
[Black "Palomar Ramon Santiago"]
[Result "0-1"]
[WhiteElo "1939"]
[BlackElo "2010"]

1.d4 Nf6 2.c4 d6 3.g3 e5 4.dxe5 dxe5 5.Qxd8+ Kxd8 6.Nc3 c6 7.Bg5 Nd7 8.O-O-O
Kc7 9.Nf3 a5 10.Bh3 Bb4 11.Bxf6 gxf6 12.Bxd7 Bxd7 13.Ne4 Be7 14.c5 Be6 15.Nd6
Rhd8 16.b3 Bxd6 17.cxd6+ Rxd6 18.Rxd6 Kxd6 19.Rd1+ Kc7 20.Kb2 Rd8 21.Rxd8 Kxd8
22.h4 Kc7 23.e3 Kd6 24.a3 f5 25.Kc3 f6 26.Nd2 b5 27.f4 e4 28.b4 axb4+ 29.Kxb4
Ba2 30.Nf1 Bc4 31.Nh2 Be2 32.Kc3 h5 33.Kd2 Bc4 34.Kc3 Kc5 35.Kb2 Be2 36.Kc3
Kb6 37.Kd2 Bd3 38.Kc3 c5 39.Kd2 Bc4 40.Kc3 Ka5 41.Kc2 Ka4 42.Kb2 Be2 43.Ka2
Bd3 44.Kb2 Bc4 45.Kc3 Kxa3 46.Kd2 b4 0-1

[Event "Campeonato de Aragón por Equipos 2008 "]
[Site "Aragón"]
[Date "2008.03.08"]
[Round "6.20"]
[White "Baldellou Vicente Roberto"]
[Black "Ruiperez Ramon"]
[Result "1/2-1/2"]
[WhiteElo "1999"]
[BlackElo "1770"]

1.d4 g6 2.Nf3 Bg7 3.g3 d6 4.Bg2 Nh6 5.O-O f6 6.c4 Nf7 7.Nc3 O-O 8.Qc2 Nc6 9.a3
e5 10.e3 f5 11.d5 Ne7 12.Nd2 g5 13.b4 Ng6 14.Bb2 g4 15.c5 e4 16.Nc4 Ng5 17.
Rfd1 Nf3+ 18.Bxf3 gxf3 19.Kf1 Qg5 20.Ke1 Qh6 21.h4 a6 22.Kd2 Ne5 23.Nxe5 Bxe5
24.Rg1 Bd7 25.Rad1 Kf7 26.Kc1 Rg8 27.Na4 Bxa4 28.Qxa4 Bxb2+ 29.Kxb2 Qf6+ 30.
Rd4 Rgd8 31.Kc2 h5 32.c6 b6 33.Qb3 a5 34.b5 Rg8 35.a4 Rg4 36.Rgd1 Rag8 37.Qc3
Qe5 38.R4d2 1/2-1/2

[Event "Campeonato de Aragón por Equipos 2008 "]
[Site "Aragón"]
[Date "2008.03.08"]
[Round "6.21"]
[White "Luis Vitalla Fernando"]
[Black "Guetas Sanchez Hugo"]
[Result "1/2-1/2"]
[WhiteElo "2199"]
[BlackElo "2159"]

1.d4 Nf6 2.c4 Nc6 3.Nf3 e6 4.Nc3 Bb4 5.Qc2 d6 6.Bd2 O-O 7.a3 Bxc3 8.Bxc3 Qe7
9.b4 e5 10.b5 Nxd4 11.Nxd4 exd4 12.Bxd4 Ne4 13.e3 f5 14.Bd3 c5 15.Bb2 b6 16.
O-O Ng5 17.Rae1 Bb7 18.f3 Rae8 19.e4 fxe4 20.h4 Qd8 21.Qc3 Ne6 22.Bxe4 Bxe4
23.Rxe4 Nd4 24.Rfe1 Rxe4 25.Rxe4 d5 26.cxd5 Qxd5 27.Qe3 Nf5 28.Qg5 Qd1+ 29.Kh2
h6 30.Qg6 Qd6+ 31.Qxd6 Nxd6 32.Re7 Rf7 33.Rxf7 Kxf7 34.a4 Nf5 35.h5 Ne3 36.Be5
c4 37.Kg1 g6 38.Kf2 Nd5 39.hxg6+ Kxg6 40.Bb8 Nc3 41.Bxa7 Nxa4 42.Ke3 Nc3 43.
Kd2 1/2-1/2

[Event "Campeonato de Aragón por Equipos 2008 "]
[Site "Aragón"]
[Date "2008.03.08"]
[Round "6.22"]
[White "Escuer Sanchez Nestor"]
[Black "Laplaza Ara Carlos"]
[Result "1-0"]
[WhiteElo "2084"]
[BlackElo "2008"]

1.d4 d5 2.g3 Nf6 3.Bg2 g6 4.Nf3 Bg7 5.O-O O-O 6.c4 c6 7.Nc3 Nbd7 8.cxd5 cxd5
9.Qb3 e6 10.Bf4 a6 11.Rac1 Nb6 12.Rfd1 Nh5 13.Be5 f6 14.Bc7 Qxc7 15.Nxd5 Nxd5
16.Rxc7 Nxc7 17.e3 f5 18.Nd2 Rb8 19.Rc1 Na8 20.Nc4 b5 21.Nd6 Bd7 22.Bxa8 Rxa8
23.Rc7 Rfd8 24.Rxd7 1-0

[Event "Campeonato de Aragón por Equipos 2008 "]
[Site "Aragón"]
[Date "2008.03.08"]
[Round "6.23"]
[White "Biarge Carnicer Arturo"]
[Black "Andreu Sin Raul"]
[Result "0-1"]
[WhiteElo "1838"]
[BlackElo "2045"]

1.e4 d5 2.exd5 Qxd5 3.Nc3 Qe5+ 4.Qe2 Qxe2+ 5.Bxe2 c6 6.Nf3 Bf5 7.d3 h6 8.O-O
Nf6 9.Be3 Nbd7 10.Nd4 Bh7 11.f4 e6 12.Nf3 Bd6 13.a4 O-O 14.a5 Rfd8 15.a6 b6
16.Nd4 Bc5 17.Na4 Bxd4 18.Bxd4 Nd5 19.Nc3 Rac8 20.Nxd5 cxd5 21.c4 Nc5 22.Bxc5
bxc5 23.Rfd1 Rb8 24.Ra5 Rxb2 25.Bf3 dxc4 26.Rxc5 cxd3 27.Kf1 Ra2 28.Bb7 d2 29.
Ke2 Bd3+ 30.Ke3 Bxa6 31.Bxa6 Rxa6 32.Rc2 Rad6 33.Ra2 R8d7 34.g3 Kh7 35.g4 Rd3+
36.Kf2 Kg6 37.Kg2 h5 38.gxh5+ Kxh5 39.Ra5+ R3d5 40.Rxd2 Kg4 41.Raxd5 exd5 42.
Rf2 d4 43.h3+ Kf5 44.Kf3 d3 45.Rd2 a5 0-1

[Event "Campeonato de Aragón por Equipos 2008 "]
[Site "Aragón"]
[Date "2008.03.08"]
[Round "6.24"]
[White "Sig Vargas Pablo"]
[Black "Bellosta Lopez Pablo"]
[Result "1-0"]
[WhiteElo "1896"]
[BlackElo "1772"]

1.e4 c5 2.Nc3 d6 3.f4 g6 4.Nf3 Bg7 5.Bc4 Nf6 6.O-O O-O 7.Qe1 Nc6 8.d3 e6 9.Qh4
a6 10.a4 b6 11.g4 Nd7 12.Qh3 Nd4 13.Nxd4 Bxd4+ 14.Kh1 Rb8 15.f5 exf5 16.gxf5
Ne5 17.Bd5 Kh8 18.Qh6 Ng4 19.Qf4 h5 20.Qg3 gxf5 21.exf5 Rg8 22.Qh3 h4 23.Ne4
Rg7 24.Qf3 Qg8 25.c3 Be5 26.Bf4 Qh7 27.Nxd6 f6 28.Be4 Bd7 29.Bxe5 Nxe5 30.Qf2
Rd8 31.Nc4 Nxd3 32.Qd2 Bc8 33.Rg1 Rgd7 34.Qg2 h3 35.Qf3 Re8 36.Bc6 Bb7 37.Bxb7
Qh4 38.Raf1 Qxc4 39.Bc6 Ne5 40.Qh5+ 1-0

[Event "Campeonato de Aragón por Equipos 2008 "]
[Site "Aragón"]
[Date "2008.03.08"]
[Round "6.25"]
[White "Sicilia Manuel"]
[Black "Malo Guillen Jose Luis"]
[Result "0-1"]
[WhiteElo "2144"]
[BlackElo "2198"]

1.d4 Nf6 2.Nf3 g6 3.c4 Bg7 4.Nc3 O-O 5.e4 d6 6.Be2 e5 7.dxe5 dxe5 8.Qxd8 Rxd8
9.Bg5 c6 10.Nxe5 Re8 11.O-O-O Na6 12.f4 Nc5 13.Bf3 h6 14.Bh4 g5 15.Bf2 Ne6 16.
f5 Nf4 17.Nd3 Nxd3+ 18.Rxd3 g4 19.Bd1 Nxe4 20.Nxe4 Bxf5 21.Nc5 b6 22.Rd6 Be5
23.Rd2 bxc5 24.Bg3 Bd4 25.Bf4 Kg7 26.Rf1 h5 27.b3 Kg6 28.Bc2 Bxc2 29.Kxc2 Re4
30.Bg3 Rae8 31.Rfd1 f5 32.b4 f4 33.Bh4 f3 34.b5 cxb5 35.cxb5 fxg2 36.Rxg2 Re2+
37.Rd2 Rxg2 38.Rxg2 Re3 39.Bd8 Ra3 40.Kd1 Ra4 41.h3 Kf5 42.hxg4+ hxg4 43.b6
axb6 44.Bxb6 Rb4 45.Ba7 Kf4 46.Rc2 g3 47.Ke1 Rb1+ 0-1

[Event "Campeonato de Aragón por Equipos 2008 "]
[Site "Aragón"]
[Date "2008.03.08"]
[Round "6.26"]
[White "Alonso Blasco Jose Miguel"]
[Black "Valiente JL"]
[Result "1-0"]
[WhiteElo "2075"]
[BlackElo "2134"]

1.e4 e5 2.Nf3 Nc6 3.Bb5 f5 4.d3 fxe4 5.dxe4 Nf6 6.O-O Bc5 7.Nc3 d6 8.Bg5 h6 9.
Bxf6 Qxf6 10.Nd5 Qf7 11.b4 Bb6 12.a4 O-O 13.a5 Nd4 14.Bc4 Be6 15.axb6 c6 16.
Nxd4 exd4 17.Qxd4 cxd5 18.exd5 Bf5 19.bxa7 Bxc2 20.Ra3 Qf4 21.Qxf4 Rxf4 22.Rc3
Ba4 23.g3 Rd4 24.Ra1 Rxa7 25.b5 Rd1+ 26.Rxd1 Bxd1 27.Kg2 Ra4 28.Bd3 Rd4 29.Bg6
Kf8 30.Re3 1-0

[Event "Campeonato de Aragón por Equipos 2008 "]
[Site "Aragón"]
[Date "2008.03.08"]
[Round "6.27"]
[White "Carruez Berges Santiago"]
[Black "Mombiela de Sus Jose Luis"]
[Result "1/2-1/2"]
[WhiteElo "2106"]
[BlackElo "2068"]

1.Nf3 e6 2.g3 f5 3.Bg2 Nf6 4.O-O Be7 5.d3 O-O 6.Nc3 Qe8 7.e4 fxe4 8.dxe4 Qh5
9.Bd2 Nc6 10.Qe2 a6 11.h3 e5 12.g4 Qe8 13.Nd5 Bd8 14.b4 d6 15.a4 Ne7 16.Nxe7+
Bxe7 17.b5 h5 1/2-1/2

[Event "Campeonato de Aragón por Equipos 2008 "]
[Site "Aragón"]
[Date "2008.03.08"]
[Round "6.28"]
[White "Tirapo Larcuen Ana"]
[Black "Fernandez Urrutia Gallo Carlos"]
[Result "1/2-1/2"]
[WhiteElo "1883"]
[BlackElo "2023"]

1.e4 c5 2.Nf3 d6 3.d3 Nc6 4.g3 g6 5.Bg2 Bg7 6.O-O Nf6 7.Re1 Qc7 8.Nbd2 O-O 9.
a4 a6 10.Nc4 Nd7 11.a5 Rb8 12.c3 b5 13.axb6 Nxb6 14.Ne3 e6 15.Nd2 Bb7 16.f4
Ne7 17.Ndc4 Nxc4 18.Nxc4 d5 19.Ne5 Rbd8 20.Qe2 dxe4 21.dxe4 Bxe5 22.fxe5 Nc6
23.Bh6 Rfe8 24.Qf2 Qxe5 25.Bf4 Qf6 26.Qxc5 e5 27.Be3 Qe6 28.Rad1 Qg4 29.Rxd8
Rxd8 30.Qb6 Rd1 31.Kf2 Rxe1 32.Kxe1 Qd7 33.Bf1 a5 34.Bb5 Kg7 35.Qc5 f6 36.Kf2
g5 37.h4 h6 38.h5 Qe6 39.Qb6 Qc8 40.Qc5 Qe6 41.Qd5 Qc8 42.Qd6 Qd8 43.Qxd8 Nxd8
44.Bb6 Ne6 45.Ke3 g4 46.Bd7 Ng5 47.Bf5 a4 48.Ba5 Ba6 49.Bxg4 Bb7 50.Bf5 Kf7
51.c4 Ke7 52.c5 Ne6 53.Kd3 Nd4 54.Bh7 Ba6+ 55.Kd2 Kf7 56.g4 Nb3+ 57.Kc3 Nd4
58.Bd8 Nc6 59.Bg6+ Kg7 60.Bc7 Be2 61.Bf5 Nd4 1/2-1/2

[Event "Campeonato de Aragón por Equipos 2008 "]
[Site "Aragón"]
[Date "2008.03.08"]
[Round "6.29"]
[White "Cantin Zaborras Valentin"]
[Black "Ramiro Ovejero Juan Luis"]
[Result "1/2-1/2"]
[WhiteElo "2141"]
[BlackElo "2330"]

1.e4 e5 2.Nf3 d6 3.Bc4 Be7 4.d4 exd4 5.Nxd4 Nf6 6.Nc3 O-O 7.O-O c6 8.a4 a5 9.
Re1 Na6 10.h3 Nc5 11.Bf4 Be6 12.Nxe6 fxe6 13.e5 Nfd7 14.exd6 Rxf4 15.dxe7 Qxe7
16.Qe2 Raf8 17.f3 R8f6 18.Rad1 Kh8 19.b3 Nb6 20.Bd3 Nd5 21.Nxd5 cxd5 22.Qe5
Nxd3 23.Rxd3 Qc5+ 24.Kh2 h6 25.Re2 Kh7 26.Rc3 Qb4 27.Rc8 R4f5 28.Qb8 e5 29.
Rh8+ Kg6 30.Qe8+ Kg5 31.g3 Rxf3 32.Rxe5+ R3f5 33.Rxf5+ Kxf5 34.Qe3 Qe4 35.Qd2
Kg6 36.Rd8 Rf1 37.Qg2 Qe1 38.Re8 Qxe8 39.Qxf1 Qe4 40.Qf2 Qf5 41.Qd2 Qe4 42.g4
Kf6 43.Kg3 g5 44.Qxa5 Qe3+ 45.Kg2 Qe2+ 46.Kg3 Qe3+ 47.Kg2 Qe2+ 1/2-1/2

[Event "Campeonato de Aragón por Equipos 2008 "]
[Site "Aragón"]
[Date "2008.03.08"]
[Round "6.30"]
[White "Gil Capape MA"]
[Black "Valiente Roy Jose Javier"]
[Result "1-0"]
[WhiteElo "2185"]
[BlackElo "2109"]

1.e4 c6 2.d4 d5 3.Nd2 dxe4 4.Nxe4 Bf5 5.Ng3 Bg6 6.Nf3 Nd7 7.h4 h6 8.h5 Bh7 9.
Bd3 Bxd3 10.Qxd3 e6 11.Bd2 Ngf6 12.Ne4 Nxe4 13.Qxe4 Nf6 14.Qe2 Qd5 15.c4 Qe4
16.Rh4 Qxe2+ 17.Kxe2 Be7 18.Rd1 Rd8 19.Ba5 b6 20.Bc3 O-O 21.Ne5 Rc8 22.f3 Nd5
23.cxd5 Bxh4 24.dxe6 Bf6 25.exf7+ Kh7 26.Ke3 Bxe5 27.dxe5 Rxf7 28.f4 Re7 29.f5
c5 30.Ke4 Kg8 31.e6 b5 32.Ke5 b4 33.Be1 Rb7 34.Rd7 Rbb8 35.Bh4 c4 36.e7 Kf7
37.Rd8 Rxd8 38.exd8=Q Rxd8 39.Bxd8 c3 40.bxc3 bxc3 41.Ba5 c2 42.Bd2 Ke7 43.g4
Kf7 44.g5 hxg5 45.Bxg5 a5 46.a4 Kf8 47.Ke6 Ke8 48.h6 gxh6 49.Bxh6 1-0

[Event "Campeonato de Aragón por Equipos 2008 "]
[Site "Aragón"]
[Date "2008.03.08"]
[Round "6.31"]
[White "Martin Barbero Roberto"]
[Black "Galvez Perez Jose Luis"]
[Result "1-0"]
[WhiteElo "1963"]
[BlackElo "2120"]

1.d4 d6 2.Nf3 Bg4 3.Nbd2 Nf6 4.g3 Nbd7 5.Bg2 e6 6.O-O Be7 7.c3 O-O 8.a4 d5 9.
a5 b6 10.Re1 c5 11.Qa4 Rb8 12.e4 b5 13.Qc2 dxe4 14.Nxe4 Nxe4 15.Qxe4 Nf6 16.
Qd3 Bxf3 17.Bxf3 cxd4 18.Bf4 dxc3 19.Qxc3 b4 20.Qb3 Rb5 21.Rac1 Nd5 22.Red1
Qxa5 23.Be5 Bf6 24.Bxd5 Bxe5 25.Bc4 Rc5 26.Qc2 Qc7 27.b3 a5 28.Qa2 Rd8 29.Qc2
g6 30.Rxd8+ Qxd8 31.Rd1 Qc7 32.Qe4 Kg7 33.Qa8 Bf6 34.Qe8 Qc8 35.Qa4 Qc6 36.
Qxc6 Rxc6 37.Bb5 Rc5 38.Ba4 Bc3 39.Rd7 h5 40.Kg2 h4 41.gxh4 Bf6 42.Kg3 Rh5 43.
Rb7 Bxh4+ 44.Kg2 Rf5 45.f3 Kf6 46.Rb5 Rxb5 47.Bxb5 e5 48.Kf1 Ke6 49.Ke2 f5 50.
Be8 g5 51.h3 Ke7 52.Bb5 Kd6 53.Kd3 Kd5 54.Bd7 e4+ 55.fxe4+ fxe4+ 56.Ke3 Bg3
57.Ba4 Bf4+ 58.Ke2 Kd4 59.Bc6 Kc3 60.Bd5 Bc1 61.Be6 a4 62.bxa4 Bf4 63.Bd5 e3
64.a5 Kc2 65.Be4+ Kc1 66.a6 Bb8 67.Kxe3 b3 68.Kf3 b2 69.Kg4 b1=Q 70.Bxb1 Kxb1
71.Kxg5 Kc2 72.h4 1-0

[Event "Campeonato de Aragón por Equipos 2008 "]
[Site "Aragón"]
[Date "2008.03.08"]
[Round "6.32"]
[White "Garcia Lopez Alberto J"]
[Black "Navarro Castan Jesus"]
[Result "1-0"]
[WhiteElo "1981"]
[BlackElo "1888"]

1.Nf3 c5 2.g3 Nf6 3.Bg2 g6 4.b3 Bg7 5.Bb2 Nc6 6.c4 d6 7.O-O O-O 8.d4 cxd4 9.
Nxd4 Bd7 10.e3 Rb8 11.Nc3 a6 12.Qe2 Qc8 13.Rfd1 Bg4 14.f3 Bd7 15.Rac1 Qd8 16.
f4 Bg4 17.Bf3 Bxf3 18.Nxf3 Qa5 19.Nd4 Rfe8 20.Nxc6 bxc6 21.e4 Qb6+ 22.Kg2 h5
23.h3 Rbd8 24.e5 dxe5 25.fxe5 Nh7 26.e6 f5 27.Na4 Qc7 28.Bxg7 Kxg7 29.Nc5 Nf6
30.Nxa6 Qa7 31.Nb4 Qc5 32.Nd3 Qb6 33.Ne5 Ne4 34.Nd7 Qc7 35.Qf3 Ra8 36.a4 Ra6
37.g4 hxg4 38.hxg4 Ng5 39.Qc3+ Kg8 40.Rh1 Nxe6 41.Rh8+ Kf7 42.Rh7+ 1-0

[Event "Campeonato de Aragón por Equipos 2008 "]
[Site "Aragón"]
[Date "2008.03.08"]
[Round "6.33"]
[White "Villuendas Valero Adrian"]
[Black "Romon Poves Raul"]
[Result "1-0"]
[WhiteElo "2239"]
[BlackElo "2207"]

1.d4 Nf6 2.c4 g6 3.Nc3 Bg7 4.e4 d6 5.Nf3 O-O 6.Be2 e5 7.O-O Nc6 8.d5 Ne7 9.b4
Nh5 10.c5 Nf4 11.Bxf4 exf4 12.Qb3 Bg4 13.Rac1 h6 14.Rfd1 g5 15.Nd4 h5 16.h3
Bxd4 17.hxg4 Bxc3 18.Qxc3 hxg4 19.Bxg4 Ng6 20.Bf5 Ne5 21.Qh3 Kg7 22.Qh7+ Kf6
23.Qh6+ Ng6 24.Bxg6 fxg6 25.Qh3 Re8 26.Rc4 Qe7 27.Rdc1 Rh8 28.Qc3+ Qe5 29.cxd6
cxd6 30.Rc7 Qxc3 31.R1xc3 Rab8 32.f3 g4 33.fxg4 Rhe8 34.R3c4 Kg5 35.Rg7 Rbc8
36.Rxc8 Rxc8 37.Rxb7 Rc4 38.Rxa7 Rxb4 39.Rd7 Kxg4 40.e5 Kg3 41.Kf1 Rb1+ 42.Ke2
Kxg2 43.Rg7 f3+ 44.Ke3 Re1+ 45.Kd3 f2 46.Rxg6+ Kh3 47.Rf6 f1=Q+ 48.Rxf1 Rxf1
49.exd6 Kg4 50.Kd4 Rf8 51.Ke5 Re8+ 52.Kf6 Rf8+ 53.Ke7 Rf5 54.d7 Rxd5 55.d8=Q
Rxd8 56.Kxd8 Kf5 57.a4 Ke5 58.Kc7 1-0

[Event "Campeonato de Aragón por Equipos 2008 "]
[Site "Aragón"]
[Date "2008.03.08"]
[Round "6.34"]
[White "Vera Jimenez Andres"]
[Black "Gimenez Martinez Alberto"]
[Result "0-1"]
[WhiteElo "2035"]
[BlackElo "2097"]

1.d4 Nf6 2.Nf3 d5 3.c4 e6 4.Nc3 Be7 5.Bg5 h6 6.Bh4 O-O 7.e3 b6 8.cxd5 Nxd5 9.
Bxe7 Qxe7 10.Bd3 Bb7 11.O-O Nd7 12.Rc1 c5 13.Nxd5 Bxd5 14.Bb1 Bxf3 15.Qxf3
cxd4 16.exd4 Nf6 17.Rfd1 Rac8 18.Rxc8 Rxc8 19.h3 Qd6 20.Qb7 Qc7 21.Qxc7 Rxc7
22.Kf1 Kf8 23.Ke2 Ke7 24.a3 Kd6 25.g3 Nd5 26.Rd2 b5 27.Rc2 Rb7 28.b4 Rb6 29.
Ba2 Ra6 30.Rc5 Nxb4 31.Bxe6 Nc6 32.Bc8 Nxd4+ 33.Kd3 Rxa3+ 34.Rc3 Rxc3+ 35.Kxc3
Kc5 36.Ba6 Nf5 37.Bc8 Nd6 38.Bg4 Ne4+ 0-1

[Event "Campeonato de Aragón por Equipos 2008 "]
[Site "Aragón"]
[Date "2008.03.08"]
[Round "6.35"]
[White "Cebollada Pacheco Jesus Raul"]
[Black "Sierra Aguerri Joaquin"]
[Result "1-0"]
[WhiteElo "2002"]
[BlackElo "2010"]

1.e4 c5 2.Nf3 a6 3.Nc3 e6 4.d4 cxd4 5.Nxd4 Qb6 6.Nb3 Qc7 7.Bd3 Nf6 8.O-O Be7
9.f4 d6 10.Qf3 Nbd7 11.Be3 O-O 12.g4 Kh8 13.g5 Ng8 14.e5 d5 15.Bxh7 g6 16.Qh3
Kg7 17.Nd4 Nb6 18.Rad1 Nc4 19.Bc1 b5 20.Rd3 Rd8 21.Qh4 Bf8 22.Rh3 Ne7 23.Bxg6
1-0

[Event "Campeonato de Aragón por Equipos 2008 "]
[Site "Aragón"]
[Date "2008.03.08"]
[Round "6.36"]
[White "Fernandez Rubio Rafael"]
[Black "Labena Bernal Antonio"]
[Result "1/2-1/2"]
[WhiteElo "1790"]
[BlackElo "1994"]

1.e4 e5 2.f4 Bc5 3.Nf3 d6 4.Bc4 Nc6 5.d3 Nf6 6.Nc3 Bg4 7.Na4 O-O 8.Nxc5 dxc5
9.c3 Qd6 10.f5 Rad8 11.h3 Bxf3 12.Qxf3 Na5 13.Ke2 Nxc4 14.dxc4 Qa6 15.b3 h6
16.g4 Qc6 17.Ke3 Rd6 18.Re1 Rfd8 19.Kf2 Rd3 20.Re3 Rxe3 21.Kxe3 Qd6 22.Qe2 Nh7
23.h4 Nf6 24.g5 Nh7 25.Kf2 hxg5 26.hxg5 Qd1 27.g6 fxg6 28.fxg6 Rf8+ 29.Ke3
Qg1+ 30.Kd3 Qxg6 31.Be3 Rd8+ 32.Kc2 Qxe4+ 33.Kb2 Nf6 34.Re1 b6 35.Qh2 Rd3 36.
Bd2 Ng4 37.Rxe4 Nxh2 38.Be1 Nf3 39.Bg3 Kh7 40.Bxe5 Nxe5 41.Rxe5 Rd7 42.Ka3 Kh6
43.b4 cxb4+ 44.cxb4 g5 45.Ka4 a6 46.c5 Kh5 47.cxb6 cxb6 48.Re6 Rb7 49.Kb3 g4
50.Kc4 g3 51.Re8 Kg4 52.Rg8+ Kf3 53.Rf8+ Kg2 54.Kd5 Rc7 55.a4 Kg1 56.Rf6 Rd7+
57.Ke4 Re7+ 58.Kd5 Rd7+ 59.Ke4 g2 60.Rxb6 Rg7 61.Rc6 Kh2 62.Rc1 g1=Q 63.Rxg1
Kxg1 64.Kd5 Rb7 65.Kc5 Kf2 66.b5 axb5 67.axb5 Ke3 68.Kc6 Rb8 69.b6 Kd4 70.Kc7
Rf8 71.b7 1/2-1/2

[Event "Campeonato de Aragón por Equipos 2008 "]
[Site "Aragón"]
[Date "2008.03.08"]
[Round "6.37"]
[White "Lasanta Rica Cesar"]
[Black "Lopez Gracia Fernando"]
[Result "1/2-1/2"]
[WhiteElo "2284"]
[BlackElo "2293"]

1.c4 Nf6 2.Nc3 e5 3.Nf3 Nc6 4.g3 Bb4 5.Nd5 Bc5 6.Bg2 d6 7.d3 h6 8.O-O O-O 9.a3
a5 10.Rb1 Be6 11.b4 axb4 12.axb4 Ba7 13.b5 1/2-1/2

[Event "Campeonato de Aragón por Equipos 2008 "]
[Site "Aragón"]
[Date "2008.03.08"]
[Round "6.38"]
[White "Quintin Navarro Alberto"]
[Black "Glaria Murillo Christian"]
[Result "1-0"]
[WhiteElo "1975"]
[BlackElo "2195"]

1.d4 Nf6 2.c4 c5 3.d5 e5 4.Nc3 d6 5.e4 Nbd7 6.Bd3 Be7 7.Nge2 a6 8.Ng3 h5 9.Bg5
g6 10.h4 Ng4 11.Bxe7 Qxe7 12.f3 Ngf6 13.Qe2 Kf8 14.Nf1 Kg7 15.Ne3 Nf8 16.O-O-O
Rb8 17.Rdg1 N8d7 18.g4 Kf8 19.g5 Ne8 20.Rh2 Ng7 21.Rf2 Ke8 22.Bc2 Kd8 23.Ba4
Kc7 24.Rgf1 Rf8 25.Bxd7 Bxd7 26.f4 exf4 27.Rxf4 Be8 28.Qf3 Qe5 29.Rf6 Rg8 30.
Qf4 Qxf4 31.R1xf4 Rd8 32.Kc2 Rd7 33.Ned1 Re7 34.Nf2 b6 35.Nd3 Kb7 36.Rxd6 Bd7
37.Rdf6 Rf8 38.d6 1-0

[Event "Campeonato de Aragón por Equipos 2008 "]
[Site "Aragón"]
[Date "2008.03.08"]
[Round "6.39"]
[White "Garcia Ramon Ricardo1"]
[Black "Arregui Unotria Carlos"]
[Result "0-1"]
[WhiteElo "2118"]
[BlackElo "1925"]

1.d4 Nf6 2.Nf3 e6 3.e3 d5 4.Bd3 Bd6 5.Ne5 Bxe5 6.dxe5 Nfd7 7.f4 c5 8.b3 Nc6 9.
O-O a6 10.a4 b6 11.Nd2 Bb7 12.c3 f5 13.exf6 Qxf6 14.Bb2 Nb4 15.Bb1 O-O-O 16.e4
Nc6 17.e5 Qh6 18.Qe2 Rdf8 19.g3 g5 20.c4 gxf4 21.cxd5 fxg3 22.Rxf8+ Rxf8 23.
hxg3 exd5 24.e6 Nf6 25.e7 Nxe7 26.Qxe7 Ng4 27.Qe2 Nf2 28.Nf3 d4 29.Bc1 Qh1+
0-1

[Event "Campeonato de Aragón por Equipos 2008 "]
[Site "Aragón"]
[Date "2008.03.08"]
[Round "6.40"]
[White "Plo Palacian Sandra"]
[Black "Jimenez Fernandez Alejandro"]
[Result "0-1"]
[WhiteElo "1921"]
[BlackElo "1898"]

1.e4 c6 2.d4 d5 3.exd5 cxd5 4.c4 Nf6 5.Nc3 e6 6.Nf3 Be7 7.cxd5 Nxd5 8.Bd3 Nc6
9.O-O O-O 10.a3 b6 11.Qc2 Nf6 12.Ne4 Nxd4 13.Nxd4 Qxd4 14.Nxf6+ Qxf6 15.Bxh7+
Kh8 16.Be4 Rb8 17.Qe2 Kg8 18.Bd2 Qxb2 19.Rfb1 Qf6 20.Rc1 Bc5 21.Bc3 Bd4 22.
Bxd4 Qxd4 23.Rab1 Bb7 24.Rc4 Qf6 25.Rbc1 Ba6 0-1